ბათუმის შოთა რუსთაველის სახელმწიფო უნივერსიტეტის ბიბლიოთეკა

ქართული ენა (ბიბ.ჩანაწერი № 49462)

000 -LEADER
fixed length control field 00966nam a2200289Ia 4500
001 - CONTROL NUMBER
control field 16386
003 - CONTROL NUMBER IDENTIFIER
control field GE_BSU
008 - FIXED-LENGTH DATA ELEMENTS--GENERAL INFORMATION
fixed length control field 181216s||||||||xx |||||||||||||| ||und||
020 ## - INTERNATIONAL STANDARD BOOK NUMBER
International Standard Book Number ISBN: 978-9941-22-244-3
040 ## - CATALOGING SOURCE
Transcribing agency GE_BSU
080 ## - UNIVERSAL DECIMAL CLASSIFICATION NUMBER
Universal Decimal Classification number 811.353.1'342(075.8)
100 ## - MAIN ENTRY--PERSONAL NAME
Personal name ფეიქრიშვილი,ჟუჟუნა
245 ## - TITLE STATEMENT
Title ქართული ენა
245 ## - TITLE STATEMENT
Remainder of title ფონეტიკა,მორფოლოგია:[სახელმძღვ.]
245 ## - TITLE STATEMENT
Statement of responsibility, etc. რედ.:დამანა მელიქიშვილი
260 ## - PUBLICATION, DISTRIBUTION, ETC.
Place of publication, distribution, etc. თბილისი
260 ## - PUBLICATION, DISTRIBUTION, ETC.
Name of publisher, distributor, etc. უნივერსალი
260 ## - PUBLICATION, DISTRIBUTION, ETC.
Date of publication, distribution, etc. 2014
300 ## - PHYSICAL DESCRIPTION
Extent 290გვ.20სმ.
300 ## - PHYSICAL DESCRIPTION
Accompanying material ბიბლიოგრ.:გვ.276-277.
653 ## - INDEX TERM--UNCONTROLLED
Uncontrolled term გრამატიკა
653 ## - INDEX TERM--UNCONTROLLED
Uncontrolled term მორფოლოგია
653 ## - INDEX TERM--UNCONTROLLED
Uncontrolled term ფონეტიკა
653 ## - INDEX TERM--UNCONTROLLED
Uncontrolled term ქართული ენა
942 ## - ADDED ENTRY ELEMENTS (KOHA)
Koha item type წიგნი
ეგზემპლარები
Withdrawn status Lost status Damaged status Not for loan Date acquired Barcode Date last seen Price effective from Koha item type
        2018-12-17 40817 2018-12-17 2018-12-17 წიგნი
        2018-12-17 40818 2018-12-17 2018-12-17 წიგნი
        2018-12-17 40819 2018-12-17 2018-12-17 წიგნი
        2018-12-17 40820 2018-12-17 2018-12-17 წიგნი
        2018-12-17 40821 2018-12-17 2018-12-17 წიგნი
        2018-12-17 40822 2018-12-17 2018-12-17 წიგნი
        2018-12-17 40823 2018-12-17 2018-12-17 წიგნი
        2018-12-17 40824 2018-12-17 2018-12-17 წიგნი
        2018-12-17 40825 2018-12-17 2018-12-17 წიგნი
        2018-12-17 40826 2018-12-17 2018-12-17 წიგნი
        2018-12-17 40827 2018-12-17 2018-12-17 წიგნი
        2018-12-17 40828 2018-12-17 2018-12-17 წიგნი
        2018-12-17 40829 2018-12-17 2018-12-17 წიგნი
        2018-12-17 40830 2018-12-17 2018-12-17 წიგნი
        2018-12-17 40831 2018-12-17 2018-12-17 წიგნი
        2018-12-17 40832 2018-12-17 2018-12-17 წიგნი
        2018-12-17 40833 2018-12-17 2018-12-17 წიგნი
        2018-12-17 40834 2018-12-17 2018-12-17 წიგნი